Format MARC 21 rekordu bibliograficznego wraz z zasobem : (Rekord nr 49160)
| 000 -ETYKIETA REKORDU | |
|---|---|
| podpole kontrolne o stałej długości | 01095nam a2200289 i 4500 |
| 001 - NUMER KONTROLNY REKORDU | |
| pole kontrolne | bg |
| 020 ## - MIĘDZYNARODOWY ZNORMALIZOWANY NUMER KSIĄŻKI - ISBN | |
| ISBN | 9788370096335 |
| 040 ## - ŹRÓDŁO KATALOGOWANIA | |
| Instytucja, która utworzyła rekord | BPK |
| 041 0# - KOD JĘZYKA | |
| Kod języka tekstu | pol |
| 044 ## - KOD KRAJU WYDAWCY/PRODUCENTA | |
| Kod kraju wydawcy/producenta | POL |
| 008 - POLE O STAŁEJ DŁUGOŚCI - DANE KONTROLNE | |
| podpole kontrolne o stałej długości | s pl f |000 0 pol |
| 245 00 - TYTUŁ/ODPOWIEDZIALNOŚĆ | |
| Tytuł | Format MARC 21 rekordu bibliograficznego wraz z zasobem : |
| Ciąg dalszy tytułu | adaptacja dla systemu MAK : wersja 2008 / |
| Pozostałe elementy strefy tytułu i oznaczenia odpowiedzialności | oprac. Agnieszka Brachfogel, Zofia Żurawiäska ; współpr. Bożena Bartoszewicz-Fabiańska, Paulina Czyżewicz. |
| 246 18 - WARIANT TYTUŁU | |
| Treść wyrażenia wprowadzającego | MARC 21 : adaptacja dla systemu MAK |
| 260 ## - STREFA ADRESU WYDAWNICZEGO | |
| Miejsce wydania | Warszawa : |
| Nazwa wydawcy/dystrybutora | Biblioteka Narodowa, |
| Data publikacji, dystrybucji/powstania dokumentu | 2008. |
| 300 ## - STREFA OPISU FIZYCZNEGO | |
| Objętość | Skoroszyt ; |
| Rozmiary | 27 cm. |
| 500 ## - UWAGI OGÓLNE | |
| Tekst uwagi | Tyt. grzb.: MARC 21 : adaptacja dla systemu MAK. |
| 504 ## - UWAGA DOTYCZĄCA BIBLIOGRAFII | |
| Informacje o bibliografii | Bibliogr. |
| 650 #9 - HASŁO PRZEDMIOTOWE W FORMIE NAZWY OGÓLNEJ LUB JEDNOSTKOWEJ | |
| Nazwa ogólna lub geograficzna | Zbiory biblioteczne |
| Określnik ogólny | organizacja |
| -- | komputeryzacja |
| Określnik geograficzny | Polska |
| 650 #9 - HASŁO PRZEDMIOTOWE W FORMIE NAZWY OGÓLNEJ LUB JEDNOSTKOWEJ | |
| Nazwa ogólna lub geograficzna | MARC |
| Określnik geograficzny | Polska |
| 655 ## - TERMIN INDEKSOWY - OKREŚLENIE RODZAJU/FORMY DOKUMENTU | |
| Określenie rodzaju/formy dokumentu | Instrukcje |
| 700 1# - HASŁO DODATKOWE - NAZWA OSOBOWA | |
| Nazwa osobowa | Brachfogel, Agnieszka. |
| Określenie związku między hasłem a opisywanym materiałem | Oprac. |
| 700 1# - HASŁO DODATKOWE - NAZWA OSOBOWA | |
| Nazwa osobowa | Żurawińska, Zofia. |
| Określenie związku między hasłem a opisywanym materiałem | Oprac. |
| 700 1# - HASŁO DODATKOWE - NAZWA OSOBOWA | |
| Nazwa osobowa | Bartoszewicz-Fabiańska, Bożena. |
| 700 1# - HASŁO DODATKOWE - NAZWA OSOBOWA | |
| Nazwa osobowa | Czyżewicz, Paulina. |
| 856 ## - LOKALIZACJA I DOSTĘP DO ELEKTRONICZNYCH DOKUMENTÓW ZDALNYCH | |
| Link (URL) | http://koha.tu.koszalin.pl/cgi-bin/koha/opac-detail.pl?biblionumber=49160 |
| Tekst linku | Katalog online BPK |
| 946 ## - DANE ZAMÓWIENIA | |
| c | 70,00 |
| 942 ## - DODATKOWE ELEMENTY (KOHA) | |
| Typ dokumentu | Katalog |
| Wycofany | Status egzemplarza | Uszkodzony | Dostępność | Lokalizacja stała | Lokalizacja bieżąca | Miejsce przechowywania | Sygnatura | Kod kreskowy | Typ dokumentu | Uwaga przeznaczona na użytek publiczny | Kolekcja |
|---|---|---|---|---|---|---|---|---|---|---|---|
| Tylko na miejscu | Biblioteka Politechniki Koszalińskiej | Biblioteka Politechniki Koszalińskiej | Czytelnia Wydziałowa ul. Kwiatkowskiego 6e | KC 3560 | 02400440 | Katalog | |||||
| Dostępny | Biblioteka Politechniki Koszalińskiej | Biblioteka Politechniki Koszalińskiej | Wypożyczalnia BG | KC 3561 | 02400433 | Katalog | |||||
| Tylko na miejscu | Biblioteka Politechniki Koszalińskiej | Biblioteka Politechniki Koszalińskiej | Zbiory Wewnętrzne | KC 3562 | 02400426 | Katalog | A19 | ||||
| Tylko na miejscu | Biblioteka Politechniki Koszalińskiej | Biblioteka Politechniki Koszalińskiej | Zbiory Wewnętrzne | KC 3563 | 02400419 | Katalog | D7 | Bibliotekarstwo |
